| 000 | 00368nam a2200133 a 4500 | ||
|---|---|---|---|
| 005 | 20140513081055.0 | ||
| 008 | 051004s19uu xx 00 eng d | ||
| 050 |
_aVCD _bSi617 |
||
| 245 | _aSinging English. | ||
| 260 |
_aPhilippines : _bMagnaVision. |
||
| 500 | _aSuitable for children ages 3-9; approx: 70 minutes. | ||
| 650 | _aVocabulary- English | ||
| 999 |
_c116454 _d116454 |
||